[Event "Gawlikowski Memorial 18th"]
[Site "Warsaw"]
[Date "1999.??.??"]
[Round "?"]
[White "Suwarski, Pawel"]
[Black "Svidler, Peter"]
[Result "0-1"]
[WhiteElo "2120"]
[BlackElo "2713"]
[PlyCount "52"]
[EventDate "1999.??.??"]
[EventType "tourn"]
[EventRounds "11"]
[EventCountry "POL"]
[SourceTitle "EXT 2002"]
[Source "ChessBase"]
[SourceDate "2001.11.25"]
[SourceVersion "1"]
[SourceVersionDate "2001.11.25"]
[SourceQuality "1"]

1. e4 g6 2. d4 Bg7 3. Nc3 d6 4. Be3 a6 5. Qd2 Nd7 6. f3 b5 7. a3 Bb7 8. Be2
Ngf6 9. Nh3 O-O 10. Bh6 c5 11. Bxg7 Kxg7 12. Nf2 cxd4 13. Qxd4 Rc8 14. g4 Qb6
15. Qxb6 Nxb6 16. h4 d5 17. g5 Nh5 18. Nd3 Ng3 19. Rg1 Nxe2 20. Kxe2 d4 21. Nd1
Rxc2+ 22. Kf1 Nc4 23. Rg2 Nd2+ 24. Rxd2 Rxd2 25. Nc5 Bc8 26. Nb3 Rd3 0-1

[Event "Gawlikowski Memorial 18th"]
[Site "Warsaw"]
[Date "1999.??.??"]
[Round "?"]
[White "Svidler, Peter"]
[Black "Brodsky, Michail"]
[Result "1/2-1/2"]
[WhiteElo "2713"]
[BlackElo "2530"]
[PlyCount "51"]
[EventDate "1999.??.??"]
[EventType "tourn"]
[EventRounds "11"]
[EventCountry "POL"]
[SourceTitle "EXT 2002"]
[Source "ChessBase"]
[SourceDate "2001.11.25"]
[SourceVersion "1"]
[SourceVersionDate "2001.11.25"]
[SourceQuality "1"]

1. e4 c5 2. Nf3 e6 3. d4 cxd4 4. Nxd4 a6 5. Nc3 Qc7 6. Be2 Nc6 7. O-O Nf6 8.
Kh1 Nxd4 9. Qxd4 Bc5 10. Qd3 b5 11. f4 Bb7 12. Bf3 h5 13. e5 Ng4 14. Bxb7 Qxb7
15. Ne4 Rc8 16. h3 Nh6 17. Be3 Be7 18. Bf2 Nf5 19. b3 Qc6 20. Rad1 f6 21. exf6
gxf6 22. Rc1 d5 23. Ng3 Nxg3+ 24. Bxg3 f5 25. Bf2 Ba3 26. Rce1 1/2-1/2

[Event "Gawlikowski Memorial 18th"]
[Site "Warsaw"]
[Date "1999.??.??"]
[Round "?"]
[White "Svidler, Peter"]
[Black "Kuczynski, Robert"]
[Result "1/2-1/2"]
[WhiteElo "2713"]
[BlackElo "2430"]
[PlyCount "31"]
[EventDate "1999.??.??"]
[EventType "tourn"]
[EventRounds "11"]
[EventCountry "POL"]
[SourceTitle "EXT 2002"]
[Source "ChessBase"]
[SourceDate "2001.11.25"]
[SourceVersion "1"]
[SourceVersionDate "2001.11.25"]
[SourceQuality "1"]

1. e4 c5 2. Nf3 d6 3. d4 cxd4 4. Nxd4 Nf6 5. Nc3 a6 6. f3 e5 7. Nb3 Be7 8. Be3
Be6 9. Qd2 O-O 10. O-O-O Nbd7 11. g4 Qc7 12. h4 b5 13. g5 Nh5 14. Bh3 Nb6 15.
Bxb6 Qxb6 16. Ne2 1/2-1/2

[Event "Gawlikowski Memorial 18th"]
[Site "Warsaw"]
[Date "1999.??.??"]
[Round "?"]
[White "Svidler, Peter"]
[Black "Lutsko, Igor"]
[Result "1-0"]
[WhiteElo "2713"]
[BlackElo "2354"]
[PlyCount "73"]
[EventDate "1999.??.??"]
[EventType "tourn"]
[EventRounds "11"]
[EventCountry "POL"]
[SourceTitle "EXT 2002"]
[Source "ChessBase"]
[SourceDate "2001.11.25"]
[SourceVersion "1"]
[SourceVersionDate "2001.11.25"]
[SourceQuality "1"]

1. e4 c5 2. Nf3 d6 3. d4 cxd4 4. Nxd4 Nf6 5. Nc3 Nc6 6. Bg5 e6 7. Qd2 a6 8.
O-O-O Bd7 9. f3 h6 10. Be3 b5 11. Nxc6 Bxc6 12. Ne2 e5 13. Nc3 Qa5 14. Kb1 Rc8
15. Qf2 Qc7 16. g4 Qb7 17. Qd2 Be7 18. h4 b4 19. Nd5 Nxd5 20. exd5 Bd7 21. Qg2
h5 22. Bd3 Bf6 23. g5 Be7 24. f4 Bg4 25. Rde1 O-O 26. Rhf1 Rfe8 27. fxe5 dxe5
28. Qe4 g6 29. Rxf7 Bf5 30. Rxf5 gxf5 31. Qxf5 Bf8 32. Rf1 Qg7 33. g6 Rc7 34.
d6 Bxd6 35. Be4 Rf8 36. Bd5+ Kh8 37. Qxh5+ 1-0

[Event "Gawlikowski Memorial 18th"]
[Site "Warsaw"]
[Date "1999.??.??"]
[Round "?"]
[White "Svidler, Peter"]
[Black "Van Wely, Loek"]
[Result "1-0"]
[WhiteElo "2713"]
[BlackElo "2636"]
[PlyCount "103"]
[EventDate "1999.??.??"]
[EventType "tourn"]
[EventRounds "11"]
[EventCountry "POL"]
[SourceTitle "EXT 2002"]
[Source "ChessBase"]
[SourceDate "2001.11.25"]
[SourceVersion "1"]
[SourceVersionDate "2001.11.25"]
[SourceQuality "1"]

1. e4 c5 2. Nf3 d6 3. Bb5+ Nd7 4. d4 cxd4 5. Qxd4 Ngf6 6. Nc3 a6 7. Bxd7+ Nxd7
8. Bg5 h6 9. Bh4 Qb6 10. Nd5 Qc6 11. O-O-O e6 12. Rhe1 f6 13. Qb4 Kf7 14. Nd4
Qc5 15. Qxc5 Nxc5 16. Nb6 Rb8 17. Bg3 Be7 18. Nb3 Nxb3+ 19. axb3 e5 20. f3 Be6
21. Re3 Bd8 22. Nd5 Rc8 23. Red3 a5 24. Be1 f5 25. Ne3 fxe4 26. fxe4 Bb6 27.
Kb1 Rhf8 28. Bc3 Ke7 29. Nd5+ Bxd5 30. Rxd5 Rc6 31. b4 a4 32. b5 Rxc3 33. bxc3
Bc5 34. Rxc5 dxc5 35. Rd5 b6 36. Rxe5+ Kd6 37. Rd5+ Ke6 38. Kb2 Rf4 39. Rd8
Rxe4 40. Rb8 Kd5 41. Rxb6 Kc4 42. Rb8 a3+ 43. Kxa3 Kxc3 44. Rc8 c4 45. b6 Re1
46. Ka4 Rb1 47. Ka5 g5 48. g4 Rb2 49. Ka6 Ra2+ 50. Kb7 Rb2 51. Kc6 Kxc2 52. b7
1-0

[Event "EU-Cup 14th final"]
[Site "Belgrade"]
[Date "1999.01.11"]
[Round "1"]
[White "Huzman, Alexander"]
[Black "Svidler, Peter"]
[Result "1-0"]
[WhiteElo "2575"]
[BlackElo "2713"]
[Annotator "Ftacnik,L"]
[PlyCount "43"]
[EventDate "1999.01.11"]
[EventType "team-k.o."]
[EventRounds "3"]
[EventCountry "YUG"]
[SourceTitle "EXT 2020"]
[Source "ChessBase"]
[SourceDate "2019.10.17"]
[SourceVersion "1"]
[SourceVersionDate "2019.10.17"]
[SourceQuality "1"]
[WhiteTeam "Beer-Sheva Chess Club"]
[BlackTeam "St Petersburg"]
[WhiteTeamCountry "ISR"]
[BlackTeamCountry "RUS"]

1. Nf3 c5 2. c4 Nf6 3. g3 d5 4. cxd5 Nxd5 5. Bg2 g6 6. d4 Bg7 7. dxc5 O-O 8.
O-O Na6 9. Ng5 e6 10. Ne4 Qc7 (10... Bd7) 11. Nbc3 (11. Qc2 f5 12. Nec3 Qxc5
13. Qb3 Nac7 14. e4 fxe4 15. Nxe4 Qb5 16. Nbc3 Qxb3 17. axb3 Bd7 18. Nc5 Bc6
19. Nxe6 Nxe6 20. Nxd5 {1-0 Smejkal,J-Comp Fritz5/Frankfurt/1997/ (54)}) 11...
Nxc3 12. Nxc3 Nxc5 13. Bf4 (13. Bg5 h6 14. Be3 Rd8 15. Qc1 Bd7 16. Bxh6 Rac8
17. Bxg7 Kxg7 18. Qe3 Qb6 19. Rab1 Be8 20. Rfd1 Rxd1+ 21. Nxd1 Qa6 22. Qc3+ Kh7
23. b4 Qxa2 24. Rc1 b6 25. Qe3 {1-0 Blagojevic,D-Mitrovic,P/Kladovo/1996/ (25)}
) 13... Qb6 (13... Qa5 14. Rc1 Rd8 15. b4 Rxd1 16. bxa5 Rxf1+ 17. Kxf1 e5 18.
Be3 Bf8 19. Bxc5 Bxc5 20. Nb5 Bf8 21. a6 {1-0 Mochalov,E-Kis,B/Matra/1993/ (21)
}) (13... e5 14. Be3 Ne6 15. Nd5 {1/2-1/2 Stohl,I-Shirov,A/BL9495/1995/ (15)})
14. Be3 Qa5 {White's bishop pair is very active, black finds it difficult to
complete the development of the queenside.} (14... Qxb2 15. Bxc5 Qxc3 16. Rc1
Qa5 17. Bxf8 {+/-}) (14... Bxc3 15. bxc3 Rd8 16. Qc2 Qc7 17. Rfd1 {+=}) 15. Rb1
Nd7 (15... Bxc3 16. bxc3 Rd8 17. Rb5 $1 Rxd1 18. Rxa5 Rxf1+ 19. Kxf1 {+/-}) (
15... Rd8 16. Qc2 Nd7 17. Rfd1 {+=}) 16. b4 Qa6 (16... Qa3 17. Nb5 (17. Rb3 Qa6
) 17... Qxa2 18. Rc1 $1 {+/-}) 17. Qb3 Ne5 (17... Bxc3 $2 18. Qxc3 Qxe2 19. Bh6
{+-}) 18. Rfc1 Bd7 $6 {Unfortnatelly for black this move doesn't solve the
problems, the pressure was becoming too opressive.} (18... Rd8 19. Rd1 {+/-})
19. b5 Qa5 (19... Qd6 20. Bxb7 {+-}) 20. Bxb7 Rab8 21. Ba6 $1 (21. Bg2 Rfc8 22.
Qb4 Qxb4 23. Rxb4 {+/-}) 21... Rfd8 22. Qa4 (22. Bxa7 Ra8 23. Be3 Ng4 24. Bf4 {
+-}) (22. Qa4 Qxa4 (22... Qc7 23. Ne4 {+-}) 23. Nxa4 Ra8 24. Rc7 {+-}) 1-0

[Event "Hoogovens"]
[Site "Wijk aan Zee"]
[Date "1999.01.16"]
[Round "1"]
[White "Yermolinsky, Alex"]
[Black "Svidler, Peter"]
[Result "1/2-1/2"]
[WhiteElo "2597"]
[BlackElo "2713"]
[Annotator "Krasenkow,M"]
[PlyCount "45"]
[EventDate "1999.01.16"]
[EventType "tourn"]
[EventRounds "13"]
[EventCountry "NED"]
[EventCategory "17"]
[SourceTitle "CBM 069"]
[Source "ChessBase"]
[SourceDate "1999.04.01"]
[SourceVersion "1"]
[SourceVersionDate "1999.04.01"]
[SourceQuality "1"]

1. d4 Nf6 2. c4 g6 3. Nc3 d5 4. cxd5 Nxd5 5. e4 Nxc3 6. bxc3 Bg7 7. Be3 c5 8.
Nf3 Qa5 9. Qd2 Bg4 10. Rc1 O-O 11. Ng5 $1 {Now, after Black's castling, this
move is possible as ...h7-h6 can be met with h2-h3! Therefore the position of
the black bishop on g4 becomes meaningless.} cxd4 12. cxd4 Qxd2+ (12... Nc6 13.
Qxa5 Nxa5 14. Be2 Bxe2 15. Kxe2 Rfc8 16. Nf3 Nc4 17. Nd2 Nxd2 18. Kxd2 Rd8 19.
Rc4 {1/2-1/2 Yermolinsky,A-Svidler,P/33rd Chess Olympiad, Elista 1998}) 13.
Kxd2 Nc6 (13... h6 $6 14. h3 Bh5 15. Nxf7 Rxf7 16. Rc8+ Rf8 17. Bc4+ Kh7 18.
Rxf8 Bxf8 19. g4 Bxg4 20. hxg4 Nc6 21. Bd5 Rd8 22. Rb1 Rd7 23. Kd3 Bg7 24. Bxc6
bxc6 25. Kc4 Kg8 26. Kc5 Rd6 27. Rb7 Kf7 28. Rxa7 {Wendt,R-Pfretzschner,R/
BL2-O 1994/1-0 (41)}) 14. d5 Na5 15. Bd3 h6 16. h3 Bd7 17. Nf3 e6 18. Bc5 Rfe8
19. Bb4 {White has eventually found its way to the black knight but it's
insufficient for any advantage as his centralized king is very vulnerable.}
exd5 20. exd5 b6 21. Rc7 Rad8 22. Re1 (22. Rxa7 Bf5 23. Bxf5 gxf5 $36) (22.
Bxa5 bxa5 23. Rxa7 Bf8 $44) 22... Rxe1 23. Kxe1 (23. Kxe1 Ba4 $11) 1/2-1/2

[Event "Hoogovens 5'"]
[Site "Wijk aan Zee"]
[Date "1999.01.18"]
[Round "5"]
[White "Svidler, Peter"]
[Black "Bosboom, Manuel"]
[Result "1-0"]
[WhiteElo "2713"]
[BlackElo "2490"]
[PlyCount "65"]
[EventDate "1999.01.18"]
[EventType "tourn (blitz)"]
[EventRounds "13"]
[EventCountry "NED"]
[EventCategory "17"]
[SourceTitle "CBM 068 Extra"]
[Source "ChessBase"]
[SourceDate "1999.03.01"]
[SourceVersion "1"]
[SourceVersionDate "1999.03.01"]
[SourceQuality "1"]

1. e4 c5 2. Nf3 d6 3. d4 cxd4 4. Nxd4 Nf6 5. Nc3 a6 6. Be3 e6 7. g4 h6 8. f3 b5
9. Qd2 Qc7 10. O-O-O Bb7 11. h4 b4 12. Nce2 d5 13. e5 Nfd7 14. f4 Nc5 15. Ng3
Nbd7 16. Kb1 a5 17. Bb5 Ba6 18. Bxa6 Rxa6 19. Qe2 Rb6 20. Rhe1 Be7 21. Qh2 a4
22. b3 Qa7 23. f5 axb3 24. cxb3 Qa6 25. Nh5 Bf8 26. fxe6 fxe6 27. Qc2 Ne4 28.
Bd2 Ndc5 29. Nf4 g5 30. Ndxe6 Nxe6 31. Nxd5 Nxd2+ 32. Rxd2 Nf4 33. Nc7+ 1-0

[Event "Hoogovens 5'"]
[Site "Wijk aan Zee"]
[Date "1999.01.18"]
[Round "10"]
[White "Sokolov, Ivan"]
[Black "Svidler, Peter"]
[Result "1/2-1/2"]
[WhiteElo "2610"]
[BlackElo "2713"]
[PlyCount "98"]
[EventDate "1999.01.18"]
[EventType "tourn (blitz)"]
[EventRounds "13"]
[EventCountry "NED"]
[EventCategory "17"]
[SourceTitle "CBM 068 Extra"]
[Source "ChessBase"]
[SourceDate "1999.03.01"]
[SourceVersion "1"]
[SourceVersionDate "1999.03.01"]
[SourceQuality "1"]

1. d4 g6 2. e4 Bg7 3. c3 d6 4. Nf3 Nf6 5. Qc2 O-O 6. Be2 c5 7. O-O b6 8. Bg5
Bb7 9. Nbd2 cxd4 10. cxd4 Nbd7 11. Rac1 Rc8 12. Qb1 h6 13. Bh4 Rxc1 14. Rxc1 g5
15. Bg3 Nh5 16. d5 Nxg3 17. hxg3 e6 18. dxe6 fxe6 19. Bc4 Qe7 20. b4 Kh8 21.
Qb3 Rf6 22. a3 Nf8 23. e5 dxe5 24. Qe3 Ng6 25. Ne4 Rf8 26. Bd3 g4 27. Nfd2 Bd5
28. Nc4 Nf4 29. gxf4 exf4 30. Qe1 Qh4 31. Ncd2 Bd4 32. Rc7 Bxe4 33. Nxe4 g3 34.
Rd7 Qh2+ 35. Kf1 Qh1+ 36. Ke2 f3+ 37. gxf3 Qxe1+ 38. Kxe1 g2 39. Rxd4 g1=Q+ 40.
Ke2 Qa1 41. Rd7 Qb2+ 42. Nd2 Qxa3 43. Rh7+ Kg8 44. Rxh6 Rd8 45. Rg6+ Kf7 46.
Be4 Qb2 47. Kf1 Rxd2 48. Kg1 Rxf2 49. Kh1 Rd2 1/2-1/2

[Event "Linares 16th"]
[Site "Linares"]
[Date "1999.03.05"]
[Round "10"]
[White "Svidler, Peter"]
[Black "Adams, Michael"]
[Result "1-0"]
[WhiteElo "2713"]
[BlackElo "2716"]
[Annotator "Wedberg,T"]
[PlyCount "65"]
[EventDate "1999.02.21"]
[EventType "tourn"]
[EventRounds "14"]
[EventCountry "ESP"]
[EventCategory "20"]
[SourceTitle "CBM 070"]
[Source "ChessBase"]
[SourceDate "1999.06.08"]
[SourceVersion "1"]
[SourceVersionDate "1999.06.08"]
[SourceQuality "1"]

1. e4 e5 2. Nf3 Nc6 3. Bb5 a6 4. Ba4 Nf6 5. O-O Be7 6. Re1 b5 7. Bb3 O-O 8. h3
d6 9. c3 Nd7 10. d4 Nb6 11. Nbd2 exd4 12. cxd4 Nb4 13. Nf1 c5 14. a3 Nc6 15.
Be3 {Probably the best move. White enjoys a P-majority in the centre, but it
is important not to advance the P:s to early. The move Be3 supports d4, which
allows the jump Ne5 at a later stage.} (15. Ng3 c4 (15... Nxd4 16. Nxd4 cxd4
17. Qxd4 $14 {1/2-1/2 Almasi,Z-Adams,M/Tilburg 1996/CBM 56 (25)}) 16. Bc2 d5
17. e5 (17. Ne5 Nxe5 18. dxe5 d4 $17 {This line is the reason why White
prefers Be3 over Ng3.}) 17... a5 18. Be3 b4 $36 {0-1 Svidler,P-Adams,M/
Groningen 1997/CBM 63 (36)}) (15. d5 Ne5 16. Nxe5 dxe5 17. Be3 Bd6 18. Qd2 Bd7
19. Rec1 Qe7 $11 {0-1 Shirov,A-Piket,J/Linares 1997/CBM 57 (40)}) (15. Bc2 Nxd4
16. Nxd4 cxd4 17. b3 Be6 18. Bb2 Bf6 19. Bxd4 Be5 $11 {0-1 Bologan,
V-Zagrebelny,S/Kstovo 1998/EXT 99 (31)}) (15. Bf4 Nxd4 16. Nxd4 cxd4 17. Qxd4
Be6 18. Bxe6 fxe6 19. Bg3 Nc4 $15 {0-1 Bologan,V-Piket,J/Germany 1997/GER-chT 
(44)}) 15... Na5 (15... c4 16. Bc2 d5 17. Ne5 $1 $14 {1-0 Topalov,V-Peng
Xiaomin/Elista 1998/CBM 66 ext/[Wedberg] (42)}) (15... a5 16. Rc1 c4 17. Bc2 d5
18. Ne5 $14 {1-0 Topalov,V-Piket,J/Monte Carlo 1997/CBM 57 ext (37)}) 16. Bc2
Nbc4 17. Bc1 cxd4 18. Nxd4 Bf6 19. Rb1 d5 20. b3 $146 {This also seems good
for a slight plus.} (20. exd5 Bb7 21. Nf5 Qxd5 22. Qg4 $5 (22. Qxd5 Bxd5 23. b3
Nb6 24. Be3 $14 {1-0 Karpov,A-Ivkov,B/Bugojno 1980/MCD (58)}) 22... h5 23. Qg3
Rfe8 24. Bg5 Be5 25. f4 Bd4+ 26. Kh2 Nc6 27. Rbd1 $14 {1-0 Adams,M-Ivkov,B/FRA
1991/TD (37)}) 20... dxe4 (20... Nb6 21. e5 $16) 21. Bxe4 Bxd4 22. bxc4 (22.
Bxa8 Bf5 23. bxc4 Bxb1 24. Bd5 $14) 22... Rb8 (22... Bb7 23. Bxb7 Nxb7 24. cxb5
Qb6 25. Be3 Bxe3 26. Nxe3 axb5 27. a4 $36) 23. Bf4 Rb6 24. cxb5 Rxb5 25. Rxb5
axb5 26. Ne3 $14 {[%mdl 2048] The position looks fairly simple, but it's not
that easy to play for Black, because White's minor pieces are better
positioned. This gives him a slight advantage. Especially the N on a5 is a
problem for Black in many cases.} Bxe3 (26... Bb7 27. Bxb7 Nxb7 28. Qd3 Bxe3
29. Qxe3 $14 {The B is stronger than the N.}) (26... Nc4 27. Qd3 $1 Bxe3 28.
Bxh7+ Kh8 29. Bxe3 Nxe3 30. Rxe3 g6 31. Bxg6 fxg6 32. Qxg6 Qh4 33. Rg3 $16) 27.
Bxe3 {Now White has a material advantage as well. The pair of B:s is more
worth than the black N and B in this open position with P:s on both wings.}
Qxd1 28. Rxd1 Be6 29. Bc5 Rc8 $2 {Adams forgets about his weak back rank.} (
29... Rb8 $142 $14 {Keeping the b-P is paramount for Black.}) 30. Bb4 Nc4 31.
Bc6 $1 {Simply winning a P.} Nb2 (31... Rb8 32. Bxb5 $18) 32. Rd2 Nc4 33. Rd4 {
White has an easy win when he has picked up the b5-P.} 1-0

[Event "Frankfurt-West Masters"]
[Site "Frankfurt"]
[Date "1999.06.29"]
[Round "1"]
[White "Lutz, Christopher"]
[Black "Svidler, Peter"]
[Result "0-1"]
[WhiteElo "2610"]
[BlackElo "2713"]
[Annotator "Ftacnik,L"]
[PlyCount "71"]
[EventDate "1999.06.29"]
[EventType "tourn (rapid)"]
[EventRounds "14"]
[EventCountry "GER"]
[EventCategory "16"]
[SourceTitle "CBM 072"]
[Source "ChessBase"]
[SourceDate "1999.10.01"]
[SourceVersion "1"]
[SourceVersionDate "1999.10.01"]
[SourceQuality "1"]

1. e4 c5 2. Nf3 d6 3. d4 cxd4 4. Nxd4 Nf6 5. Nc3 a6 6. f4 g6 7. Be2 Bg7 8. O-O
O-O 9. Kh1 Nbd7 10. a4 Qc7 11. a5 b5 12. axb6 Nxb6 13. Nb3 Bb7 14. Bd3 Nfd7 15.
Qe2 Rfc8 16. Ra2 $6 {This move is too soft, white had to hit b7 bishop gaining
advantage of bishops pair.} (16. Na5 $1 Nc5 17. Nxb7 Qxb7 18. f5 Bxc3 $140 19.
bxc3 Nxd3 20. cxd3 Rxc3 21. Qf2 f6 22. Rb1 Rc6 23. Be3 Rb8 24. d4 $1 $16) 16...
Nc4 17. Nd5 (17. Bxc4 $2 Qxc4 18. Qxc4 Rxc4 19. Na5 Rc7 $1 (19... Rxc3 20. bxc3
Bxe4 21. Re1 f5 $15) 20. Nxb7 Bxc3 21. Nxd6 (21. bxc3 Rxb7 22. Be3 Rc7 $17)
21... Bg7 22. Nb5 Rxc2 23. Na3 Re2 $17) 17... Bxd5 18. exd5 Nf6 19. Qf3 (19.
Rd1 Nb6 20. Rxa6 (20. Bxa6 Qxc2 $17) 20... Rxa6 21. Bxa6 Qxc2 $17) 19... Nb6 $5
(19... a5 20. Nd2 Nb6 21. c4 a4 $13) 20. Rxa6 Rxa6 21. Bxa6 Rb8 22. Bd3 (22. c4
Ra8 $1 (22... Nxc4 23. Qc3 e6 24. dxe6 d5 $14) 23. Bb5 Nxc4 24. Qc3 Rc8 25. Qf3
Qb6 $17) 22... Nbxd5 23. Bd2 (23. f5 Nb4 24. Nd4 Nxd3 25. Qxd3 Nd7 $15) 23...
Nb4 24. Bxb4 Rxb4 25. f5 $6 (25. Ra1 d5 26. Ra8+ Bf8 $15) 25... d5 $1 {[%mdl
32] Black controls the center, njoys prospects of kingside attack with Ng4 and
b2 pawn needs lasting protection.} 26. fxg6 (26. Ra1 Qe5 27. Ra8+ Bf8 $17)
26... hxg6 27. Qf2 e6 (27... Qe5 $6 28. h3 Qxb2 29. Qc5 Rb8 30. Qxe7 $11) (
27... e5 28. Qd2 Rb8 $15) 28. g3 (28. h3 Nh5 29. Rb1 Bf8 $17) 28... Ng4 29. Qe1
Rb6 30. Qe2 (30. Qc1 $2 Rxb3 $1 31. cxb3 Nf2+ 32. Kg2 Qxc1 33. Rxc1 Nxd3 $19)
30... Ne5 31. Rb1 (31. Bb5 Nc4 32. Bxc4 dxc4 33. Na5 Rxb2 34. Nxc4 Qc6+ 35. Rf3
Rxc2 36. Qxc2 Qxf3+ 37. Qg2 Qd1+ 38. Qg1 Qd5+ $19) 31... Nc4 {The picture of
strategical triumph is complete, white will lose some material.} 32. Bxc4 (32.
Ra1 Nxb2 33. Ra8+ Kh7 $19) 32... dxc4 33. Nd2 (33. Na5 Rb4 34. c3 Ra4 35. b4
cxb3 36. Nxb3 Qxc3 $19) 33... c3 $1 34. Ne4 Qc6 35. Kg1 Rb4 36. Ra1 0-1

[Event "Frankfurt-West Masters"]
[Site "Frankfurt"]
[Date "1999.06.30"]
[Round "6"]
[White "Svidler, Peter"]
[Black "Adams, Michael"]
[Result "1/2-1/2"]
[WhiteElo "2713"]
[BlackElo "2716"]
[Annotator "Mueller,Karsten"]
[PlyCount "81"]
[EventDate "1999.06.29"]
[EventType "tourn (rapid)"]
[EventRounds "14"]
[EventCountry "GER"]
[EventCategory "16"]
[SourceTitle "CBM 072"]
[Source "ChessBase"]
[SourceDate "1999.10.01"]
[SourceVersion "1"]
[SourceVersionDate "1999.10.01"]
[SourceQuality "1"]

1. e4 d5 2. exd5 Qxd5 3. Nc3 Qd8 {Michael Adams griff in Frankfurt gleich
mehrfach auf diesen Zug zurück. Er hatte es allerdings nicht leicht, damit
Ausgleich zu erzielen, was das Urteil der Theorie +/= in etwa widerspiegelt.}
4. d4 Nf6 5. Bc4 c6 6. Nf3 Bf5 7. Ne5 e6 8. g4 Bg6 9. h4 Nbd7 10. Nxd7 Qxd7 11.
h5 Be4 12. Nxe4 Nxe4 13. c3 {festigt d4 und verhindert Lb4+, was Christopher
Lutz zuließ:} (13. Be3 O-O-O 14. Qf3 Bb4+ 15. c3 Nxc3 16. bxc3 Bxc3+ 17. Ke2
Bxa1 18. Rxa1 f5 19. gxf5 exf5 20. d5 $14 {1-0 Lutz,C-Adams,M/Frankfurt GER
1999 (63)}) 13... O-O-O 14. Qe2 Nf6 15. Bd2 $14 {das Läuferpaar gibt Weiß
einen leichten aber dauerhaften Vorteil. Daher bewahrt Svidler seinen
schwarzfeldrigen Läufer vor dem Abtausch.} Bd6 (15... c5 16. g5 Nd5 (16... Qc6
17. Rh4 $14) 17. dxc5 Bxc5 18. O-O-O $14) 16. O-O-O Rhe8 17. f4 Qc7 18. Qf3 c5
$5 {Adams unternimmt etwas, um Gegenspiel zu erlangen, bevor Weiß seine
Stellung weiter verbessern kann.} 19. dxc5 Bxc5 20. Kb1 (20. Bb5 {hätte die
folgende Entlastung durch den Damentausch verhindert. Andererseits bietet das
Endspiel dem Läuferpaar natürlich auch Chancen.}) 20... Qc6 $5 21. Qxc6+ bxc6
22. Be2 Ne4 23. Bc1 Kc7 (23... Ng3 $5) 24. Rxd8 Rxd8 25. Rd1 Rxd1 26. Bxd1 g6
27. hxg6 hxg6 28. Bf3 Nf6 29. c4 $5 (29. Kc2 Nd5 30. Kd3 (30. c4 $2 Nb4+ $15)
30... Bd6 $11) 29... Nd7 30. Kc2 e5 31. a3 exf4 32. Bxf4+ Bd6 33. Be3 (33. Bd2
$5 Ne5 34. Be2 f5 (34... c5 35. b4 $14) 35. gxf5 gxf5 36. b4 $14) 33... a5 34.
Bd2 Kb6 35. b4 axb4 36. axb4 c5 37. b5 Ne5 38. Be2 f5 39. gxf5 gxf5 40. Kb3 f4
41. Bxf4 (41. Bxf4 Nxc4 42. Bg5 Na5+ 43. Ka4 Nb7 $11) 1/2-1/2

[Event "Frankfurt-West Masters"]
[Site "Frankfurt"]
[Date "1999.07.01"]
[Round "8"]
[White "Svidler, Peter"]
[Black "Lutz, Christopher"]
[Result "1-0"]
[WhiteElo "2713"]
[BlackElo "2610"]
[Annotator "Alterman,B"]
[PlyCount "97"]
[EventDate "1999.06.29"]
[EventType "tourn (rapid)"]
[EventRounds "14"]
[EventCountry "GER"]
[EventCategory "16"]
[SourceTitle "CBM 072"]
[Source "ChessBase"]
[SourceDate "1999.10.01"]
[SourceVersion "1"]
[SourceVersionDate "1999.10.01"]
[SourceQuality "1"]

1. e4 c5 2. Nc3 Nc6 3. Nf3 g6 4. d4 cxd4 5. Nxd4 Bg7 6. Be3 Nf6 7. Bc4 O-O 8.
Bb3 Qa5 {This variant less playable than normal 8...d6 ,because next forced
line gives for white clear advantage in the endgame.} 9. f3 d5 10. exd5 Nb4 11.
Qd2 Nbxd5 12. Nxd5 Qxd2+ 13. Kxd2 Nxd5 14. Bxd5 Rd8 15. c4 e6 16. Be4 Bxd4 17.
Bxd4 Rxd4+ 18. Kc3 Rd7 {In the endgame white has a lot of small pluses: Active
king and strong bishop,pawn advantage on the Queenside.Black should to work
very hard to make a draw.} 19. Rhd1 {[%mdl 6176]} Rb8 20. Rxd7 Bxd7 21. Rd1 Be8
{[%cal Gf7f5,Gg8f8,Gf8e7]} (21... Bc6 $2 {Is bad.} 22. Bxc6 bxc6 23. Rd7 {
Winning.}) 22. f4 $1 (22. c5 Kf8 23. f4 b6 24. cxb6 axb6 25. Rd4 Ke7 26. Rb4 f6
27. Kd4 Kd6 28. h4 Bc6 29. g4 {1/2-1/2 Tal,M-Kortschnoj,V/Moscow 1968/
Candidates (40)}) 22... Kf8 23. b4 {[%cal Gc4c5,Ga2a4,Gb4b5]} Ke7 24. b5 b6 25.
a4 {[%cal Ga4a5]} Rc8 26. Kb3 h6 (26... Rc5 27. a5 g5 28. axb6 axb6 29. fxg5
Rxg5 30. Ra1 f5 31. Bf3 e5 32. Bd5 Bd7 33. Ra7 Kd8 34. c5 {1-0 Martin Gonzalez,
A-Harman,K/Benidorm 1991/EXT 97 (34)}) 27. a5 f5 (27... bxa5 28. Ra1 {[%csl
Ra5][%cal Ga1a7]} Kd6 29. Rxa5 Rc7 30. Kb4 {[%cal Gc4c5] And black is loosing.}
) 28. Bf3 g5 29. g3 Rc5 30. Kb4 e5 31. fxe5 Rxe5 32. axb6 axb6 33. Bd5 Re2 $2 {
[%mdl 8192] Lutz looking for a contrplay by attacking the whites pawns on the
Kingside but black has no time for this action.Last chance was} (33... f4 $1
34. gxf4 gxf4 35. Rd4 Rf5 36. Re4+ Kf8 37. Re6 f3 38. Rxb6 f2 39. Bg2 f1=Q 40.
Bxf1 Rxf1 41. Rxh6 Ke7 {With a chances for a draw.}) 34. Ra1 {[%csl Rb6]} Rb2+
{Doesn't help.} (34... f4 35. gxf4 gxf4 36. Ra6 Rb2+ 37. Kc3 Rxh2 38. Rxb6 f3
39. Re6+ Kd7 40. Rf6 f2 41. b6 {And white is winning.}) 35. Kc3 Rxh2 36. Ra6 f4
37. gxf4 Kd6 38. Rxb6+ Kc5 39. Rb8 Rh3+ 40. Kd2 Bg6 41. b6 Rh2+ 42. Ke1 Rb2 43.
b7 Rb1+ 44. Kd2 Kd4 45. Rd8 Rb2+ 46. Ke1 Rb1+ 47. Kf2 Rb2+ 48. Kg1 Rb1+ 49. Kh2
1-0